Big data vo vzdelávaní diplomová práca

Guardado en:
Detalles Bibliográficos
Autor principal: Benedikovičová, Hana
Autor Corporativo: Fakulta hospodárskej informatiky EU. Katedra aplikovanej informatiky
Otros Autores: Mišút, Martin, 1962-
Formato: Libro
Lenguaje:eslovaco
Publicado: Bratislava 2018
Etiquetas: Agregar Etiqueta
Sin Etiquetas, Sea el primero en etiquetar este registro!

MARC

LEADER 00000nbm a2200000 4500
001 0245227
005 20181016144929.5
041 0 |a slo 
044 |a SK 
245 1 0 |a Big data vo vzdelávaní  |b diplomová práca  |c Hana Benedikovičová ; školiteľ: Martin Mišút 
264 1 |a Bratislava  |c 2018 
300 |a 57 s. 
100 1 |a Benedikovičová, Hana 
700 1 |a Mišút, Martin, 1962- 
710 2 |a Fakulta hospodárskej informatiky EU. Katedra aplikovanej informatiky